000 00960nam a2200289 i 4500
005 20260425121229.0
008 260425t20252025my dr 000 f may d
020 _a9786297687780
_cRM12.00
_qpaperback
040 _aPPAK
_beng
_cPPAK
_erda
082 0 4 _a899.2333
_223
090 0 0 _a899.2333
_bNAN
_dG
100 0 _aNana Syazana,
_eauthor.
245 1 0 _aDIARI KETUA PENGAWAS /
_cNANA SYAZANA, MASTER AIMAN ; Editor Nurismaliza Ismail
264 1 _aBandar Baru Nilai, Negeri Sembilan :
_bBLINK BOOK SDN BHD,
_c2025
264 4 _c©2025
300 _a122 pages ;
_c19 cm
336 _atext
_2rdacontent
337 _aunmediated
_2rdamedia
338 _avolume
_2rdacarrier
500 _aContains quotes from the Hadith.
650 1 0 _aYoung adult fiction, Malay.
650 2 0 _aMalay fiction.
650 2 4 _aMalaysian fiction (Malay).
700 0 _aMaster Aiman,
_eauthor.
700 0 _aNurismaliza Ismail,
_eeditor.
942 _2ddc
_cB
999 _c203993
_d203993